[Event "WYCC Girls 12"]
[Site "Porto Carras"]
[Date "2015.11.01"]
[Round "7.12"]
[White "Tsivelekidou, Evgenia"]
[Black "Ning, Kaiyu"]
[Result "0-1"]
[BlackElo "1768"]
[WhiteElo "1646"]
[LiveChessVersion "1.4.6"]

1. d4 {[%clk 1:30:57]} d5 {[%clk 1:30:41]} 2. c4 {[%clk 1:31:19]} dxc4
{[%clk 1:30:45]} 3. Nf3 {[%clk 1:31:33]} Nf6 {[%clk 1:31:05]} 4. e3
{[%clk 1:31:52]} a6 {[%clk 1:31:29]} 5. Bxc4 {[%clk 1:32:12]} b5 {[%clk 1:31:37]}
6. Be2 {[%clk 1:32:11]} Bb7 {[%clk 1:31:57]} 7. O-O {[%clk 1:32:25]} Nbd7
{[%clk 1:32:18]} 8. b3 {[%clk 1:32:23]} e6 {[%clk 1:32:27]} 9. Ba3
{[%clk 1:31:47]} Bxa3 {[%clk 1:32:05]} 10. Nxa3 {[%clk 1:32:08]} Qe7
{[%clk 1:31:56]} 11. Nc2 {[%clk 1:32:18]} O-O {[%clk 1:32:05]} 12. b4
{[%clk 1:31:28]} Nd5 {[%clk 1:29:42]} 13. Qd2 {[%clk 1:29:48]} N7b6
{[%clk 1:28:09]} 14. Ne5 {[%clk 1:23:36]} f6 {[%clk 1:25:32]} 15. Nd3
{[%clk 1:22:57]} Nc4 {[%clk 1:25:37]} 16. Qe1 {[%clk 1:22:25]} Ndb6
{[%clk 1:19:59]} 17. Nc5 {[%clk 1:20:38]} Ra7 {[%clk 1:19:46]} 18. Qc1
{[%clk 1:15:54]} e5 {[%clk 1:15:28]} 19. dxe5 Nxe5 {[%clk 1:13:14]} 20. Nd4
{[%clk 1:09:57]} Ba8 {[%clk 1:08:22]} 21. a3 {[%clk 1:06:13]} Qf7
{[%clk 1:05:10]} 22. f4 {[%clk 1:00:41]} Qg6 {[%clk 0:58:00]} 23. e4
{[%clk 0:56:05]} Ned7 {[%clk 0:45:30]} 24. f5 {[%clk 0:50:56]} Qf7
{[%clk 0:45:38]} 25. Nde6 {[%clk 0:50:17]} Re8 {[%clk 0:44:48]} 26. Qf4
{[%clk 0:48:48]} Ne5 {[%clk 0:39:16]} 27. Qg3 {[%clk 0:44:52]} c6
{[%clk 0:38:04]} 28. Rf4 {[%clk 0:42:51]} Na4 {[%clk 0:32:48]} 29. Nxa4
{[%clk 0:40:40]} bxa4 {[%clk 0:33:14]} 30. Bd1 {[%clk 0:36:34]} Qd7
{[%clk 0:32:10]} 31. Qe3 {[%clk 0:31:08]} a5 {[%clk 0:25:53]} 32. Bxa4
{[%clk 0:27:10]} axb4 {[%clk 0:26:11]} 33. Nc5 {[%clk 0:25:58]} Qe7
{[%clk 0:24:52]} 34. axb4 {[%clk 0:25:41]} Nf7 {[%clk 0:24:54]} 35. Rd1
{[%clk 0:23:24]} Rd8 {[%clk 0:24:30]} 36. Rff1 {[%clk 0:22:37]} Rb8
{[%clk 0:23:31]} 37. Qc3 {[%clk 0:19:40]} h6 {[%clk 0:19:28]} 38. Bb3
{[%clk 0:19:13]} Kh7 {[%clk 0:19:04]} 39. Bxf7 {[%clk 0:17:29]} Qxf7
{[%clk 0:19:24]} 40. Rd3 {[%clk 0:45:10]} Re7 {[%clk 0:46:29]} 41. Rg3
{[%clk 0:42:04]} Rd8 {[%clk 0:46:11]} 42. Ne6 {[%clk 0:41:51]} Rg8
{[%clk 0:46:28]} 43. Rf4 {[%clk 0:38:46]} Rd7 {[%clk 0:45:31]} 44. Qc2
{[%clk 0:35:34]} Rd6 {[%clk 0:42:46]} 45. Rfg4 {[%clk 0:32:53]} Qa7+
{[%clk 0:41:42]} 46. Kf1 {[%clk 0:29:55]} Qa1+ {[%clk 0:40:39]} 47. Ke2
{[%clk 0:28:51]} Rd7 {[%clk 0:40:18]} 48. Rd3 {[%clk 0:26:30]} Ra7
{[%clk 0:39:20]} 49. Ke3 {[%clk 0:22:39]} Ra2 {[%clk 0:38:46]} 50. Qd1
{[%clk 0:22:41]} Qb2 {[%clk 0:38:13]} 51. Qd2 {[%clk 0:21:45]} Qb1
{[%clk 0:37:38]} 52. Qd1 {[%clk 0:21:58]} Qxb4 {[%clk 0:34:28]} 53. Rd2
{[%clk 0:21:21]} Qb6+ {[%clk 0:30:38]} 54. Ke2 {[%clk 0:20:50]} Qa6+
{[%clk 0:30:42]} 55. Kf2 {[%clk 0:20:57]} Qd3 {[%clk 0:28:46]} 56. Ke1
{[%clk 0:18:23]} Qe3+ {[%clk 0:29:12]} 57. Qe2 {[%clk 0:18:38]} Qg1+
{[%clk 0:29:35]} 58. Qf1 {[%clk 0:18:54]} Ra1+ {[%clk 0:29:54]} 0-1

[Event "WYCC Girls 10"]
[Site "Porto Carras"]
[Date "2015.10.25"]
[Round "1.1"]
[White "Can, Isil"]
[Black "Vanderstappen, Louise"]
[Result "1-0"]
[BlackElo "1294"]
[WhiteElo "1795"]
[LiveChessVersion "1.4.6"]

1. e4 c5 2. Nf3 d6 3. d4 cxd4 4. Nxd4 Nf6 5. Nc3 a6 6. Be3 e5 7. Nb3 Be7 8. Be2
Be6 9. O-O O-O 10. Qd2 Nbd7 11. Rad1 Rc8 12. f3 Qc7 13. Qe1 Nh5 14. Kh1 Ndf6 15.
Qd2 Rfe8 16. g4 Nf4 17. Bxf4 exf4 18. Qxf4 b5 19. a3 Rb8 20. Qd2 Red8 21. g5 Nd7
22. Nd4 Bh3 23. Rg1 Nc5 24. Nd5 Qd7 25. Nc6 Bf8 26. Nxd8 Rxd8 27. Nf6+ gxf6 28.
gxf6+ Kh8 29. Qg5 Bh6 30. Qxh6 Rg8 31. Rxg8+ Kxg8 32. Qg7# 1-0

[Event "WYCC Girls 10"]
[Site "Porto Carras"]
[Date "2015.10.25"]
[Round "1.2"]
[White "Birkisdottir, Freyja"]
[Black "Mironenko, Galina"]
[Result "0-1"]
[BlackElo "1792"]
[WhiteElo "1293"]
[LiveChessVersion "1.4.6"]

1. e4 d5 2. exd5 Qxd5 3. Nc3 Qa5 4. d3 Nc6 5. a3 Nf6 6. Bd2 a6 7. b4 Qf5 8. Nf3
g6 9. Bg5 Bg7 10. h4 h6 11. Bd2 O-O 12. Qc1 Ng4 13. Rb1 Nd4 14. Be2 Nxe2 15. Nxe2
b5 16. d4 Bb7 17. Rb3 Rad8 18. Bf4 Bd5 19. Bxc7 Rc8 20. Rc3 Bc4 21. Bf4 Bxe2 22.
Rxc8 Rxc8 23. Ne5 Nxe5 24. Bxe5 Bxe5 25. dxe5 Rxc2 26. Qxh6 Qxe5 27. Rh3 Qa1+ 28.
Qc1 Qxc1# 0-1

[Event "WYCC Girls 10"]
[Site "Porto Carras"]
[Date "2015.10.25"]
[Round "1.3"]
[White "Divya, Deshmukh"]
[Black "Aramendia Ybarra, Carlota"]
[Result "1-0"]
[BlackElo "1290"]
[WhiteElo "1772"]
[LiveChessVersion "1.4.6"]

1. e4 c5 2. Nf3 Nc6 3. d4 cxd4 4. Nxd4 g6 5. Nc3 Bg7 6. Be3 Nf6 7. f3 d5 8. Nxc6
bxc6 9. exd5 cxd5 10. Bd4 e6 11. Qd2 O-O 12. Bb5 Qc7 13. Qe3 Bd7 14. O-O-O Rfe8
15. Be5 Qb7 16. Qe2 a6 17. Bxd7 Nxd7 18. Bxg7 Kxg7 19. h4 Nc5 20. h5 Rab8 21. b3
a5 22. hxg6 hxg6 23. Qe3 Na6 24. Qh6+ Kf6 25. Rd4 Ke7 26. Qg5+ Kd6 27. Ne4+ Kc7
28. Qe5+ Kd7 29. Nf6+ Kc8 30. Nxe8 Qb6 31. Nd6+ Kd7 32. Nxf7 Nb4 33. Rh7 Nxa2+
34. Kb2 Nb4 35. Ng5+ Kc8 36. Nxe6 Rb7 37. Qh8+ Qd8 38. Qxd8# 1-0

[Event "WYCC Girls 10"]
[Site "Porto Carras"]
[Date "2015.10.25"]
[Round "1.4"]
[White "Wiemann, Vanessa"]
[Black "Matus, Nastassja A"]
[Result "1/2-1/2"]
[BlackElo "1761"]
[WhiteElo "1289"]
[LiveChessVersion "1.4.6"]

1. e4 c5 2. b3 Nc6 3. Bb2 d6 4. Bb5 Bd7 5. Bxc6 Bxc6 6. Nc3 Nf6 7. d3 e6 8. Nf3
Be7 9. O-O O-O 10. Qe2 b6 11. Rad1 Qc7 12. Rfe1 e5 13. h3 b5 14. a3 Qb7 15. Qd2
a5 16. Ra1 Nd7 17. Ne2 f5 18. Ng3 fxe4 19. dxe4 Nf6 20. Qe2 a4 21. Nd2 Kh8 22.
Nf5 Rf7 23. Nxe7 Rxe7 24. f3 b4 25. bxa4 Bxa4 26. Rec1 Qb6 27. Kh1 Rea7 28. Qe3
Be8 29. axb4 Qxb4 30. Bc3 Rxa1 31. Rxa1 Rxa1+ 32. Bxa1 Ba4 33. c3 Qa3 34. Qe1 Bc2
35. Nc4 Qa6 36. Ne3 Bd3 37. Nf5 d5 38. Ng3 d4 39. cxd4 cxd4 40. Qc1 h6 41. Nf5
Nh5 42. Bb2 Bc4 43. Qc2 Nf4 44. Qc1 Qa2 45. Nd6 Ba6 46. Qa1 Qxa1+ 47. Bxa1 Kg8
48. Nf5 Bf1 49. Nh4 Ne2 50. Nf5 Kh7 51. Kh2 g6 52. Ng3 Nxg3 53. Kxg3 g5 54. Kf2
Bd3 55. Ke1 Kg6 56. g4 Kf6 57. Bb2 Bc4 58. Kf2 Be6 59. Ke1 Bd7 60. Ba3 h5 61. Ke2
hxg4 62. hxg4 Bb5+ 63. Kd2 Ba4 64. Bb4 Bb3 65. Ba3 Bc4 66. Bb2 Bf1 67. Ba1 d3 68.
Bc3 Be2 69. Ke3 Ke6 70. Bd2 Kf7 71. Kf2 Kf6 72. Ke3 Kg6 73. Kf2 Bd1 74. Ke3 Kf6
75. Kf2 1/2-1/2

[Event "WYCC Girls 10"]
[Site "Porto Carras"]
[Date "2015.10.25"]
[Round "1.5"]
[White "Mungunzul, Bat-Erdene"]
[Black "Gioutsou, Miranta"]
[Result "1-0"]
[BlackElo "1285"]
[WhiteElo "1731"]
[LiveChessVersion "1.4.6"]

1. d4 Nf6 2. c4 c5 3. d5 g6 4. Nc3 Bg7 5. e4 d6 6. Nf3 O-O 7. Be2 e6 8. O-O Re8
9. Qc2 exd5 10. exd5 Na6 11. Bf4 Bf5 12. Qd2 Ne4 13. Nxe4 Bxe4 14. Bd1 Bxf3 15.
Bxf3 Nc7 16. Rae1 Rxe1 17. Rxe1 b5 18. Be2 b4 19. Bd1 Qd7 20. a3 a5 21. h3 Re8
22. axb4 axb4 23. Rxe8+ Nxe8 24. b3 Bc3 25. Qa2 Qe7 26. Qa8 Kg7 27. Bf3 Be5 28.
Be3 Bd4 29. Bd2 Bc3 30. Bf4 Be5 31. Bc1 Bd4 32. Kf1 Bc3 33. Be3 Nf6 34. Qb8 Qe5
35. g3 Qe7 36. Kg1 Be5 37. Kg2 Nd7 38. Qc7 Bd4 39. Bd2 Bf6 40. Be3 Ne5 41. Qb8
Qd8 42. Qa7 Qd7 43. Qb6 Be7 44. Be2 h5 45. f4 Qf5 46. fxe5 Qxe5 47. Kf2 h4 48.
Bf4 hxg3+ 49. Bxg3 Qf6+ 50. Kg1 Qd4+ 51. Bf2 Qc3 52. Qc7 Bf8 53. Qa7 Qxb3 54.
Qa1+ Kg8 55. Kg2 Qc2 56. Qd1 Qe4+ 57. Kg1 Qe5 58. Bd3 Bg7 59. Qe1 Qxe1+ 60. Bxe1
Be5 61. Kg2 Kg7 62. Kf3 f5 63. Bd2 Kf6 64. h4 Bd4 65. Bg5+ Kf7 66. Bf4 Be5 67. h5
gxh5 68. Bxe5 dxe5 69. Bxf5 Kf6 70. Bb1 1-0

[Event "WYCC Girls 10"]
[Site "Porto Carras"]
[Date "2015.10.25"]
[Round "1.6"]
[White "Mihelic, Vesna"]
[Black "Reuter, Elisa"]
[Result "1/2-1/2"]
[BlackElo "1722"]
[WhiteElo "1285"]
[LiveChessVersion "1.4.6"]

1. e4 c5 2. Nf3 Nc6 3. d4 cxd4 4. Nxd4 g6 5. c4 Bg7 6. Be3 Nf6 7. Nc3 O-O 8. Be2
d6 9. O-O Bd7 10. Qd2 Nxd4 11. Bxd4 Bc6 12. f3 Nd7 13. Be3 a5 14. Rac1 Nc5 15.
Rfd1 Qb6 16. b3 Rfc8 17. Nd5 Bxd5 18. Qxd5 Qc6 19. Qxc6 Rxc6 20. Rd5 Rac8 21.
Rcd1 h5 22. Bxc5 Rxc5 23. Rxc5 Rxc5 24. Rd5 Kf8 25. Kf2 Ke8 26. Ke3 Kd7 27. Kd3
e6 28. Rxc5 dxc5 29. f4 Bd4 30. e5 Bg1 31. h3 Bh2 32. Ke4 Bg3 33. a4 Ke7 34. Kf3
h4 35. Ke4 Bf2 36. Kf3 Bg3 37. Ke4 f6 38. Bf3 b6 39. Be2 f5+ 40. Kf3 Kf7 41. Ke3
g5 42. Bh5+ Kg7 43. fxg5 Bxe5 44. Kf3 Bg3 45. Be8 e5 46. g6 e4+ 47. Ke3 Be5 48.
Bf7 Kh6 49. Be8 Bd4+ 50. Ke2 f4 51. Bc6 e3 52. Be4 Kg7 53. Kf3 Bc3 54. Bd3 Be1
55. Kxf4 Bf2 56. Ke5 Bg3+ 57. Ke6 e2 58. Bxe2 Kxg6 59. Kd7 Kg5 60. Kc6 Be1 61.
Kxb6 Bb4 62. Kc6 Kf4 63. Kd5 Kg3 64. Bf3 Ba3 65. Ke5 Bb4 66. Kf5 Bc3 67. Ke6 Bb4
68. Kd5 Ba3 69. Kc6 Bb4 70. Kb5 Kf4 1/2-1/2

[Event "WYCC Girls 10"]
[Site "Porto Carras"]
[Date "2015.10.25"]
[Round "1.7"]
[White "Kamalidenova, Meruert"]
[Black "Kurmanalina, Tomiris"]
[Result "1-0"]
[BlackElo "1277"]
[WhiteElo "1720"]
[LiveChessVersion "1.4.6"]

1. e4 c5 2. c3 d5 3. exd5 Qxd5 4. Nf3 Nf6 5. d4 e6 6. Na3 Be7 7. Bc4 Qd6 8. O-O
a6 9. Nc2 O-O 10. Be3 cxd4 11. Ncxd4 Nc6 12. h3 Nxd4 13. Nxd4 b5 14. Bb3 Bb7 15.
Qe2 Rac8 16. Rad1 Qc7 17. a4 bxa4 18. Bxa4 Bd5 19. Bb3 Bxb3 20. Nxb3 Qb7 21. Nd4
Rfd8 22. Ra1 Ra8 23. Ra2 Bc5 24. Nxe6 fxe6 25. Bxc5 Qd5 26. Ra5 Qd7 27. Rxa6 Rxa6
28. Qxa6 Ne4 29. Ba3 Qd5 30. Qe2 Nf6 31. Re1 Re8 32. Rd1 Qg5 33. b4 Nh5 34. Bc1
Nf4 35. Qf3 e5 36. Bxf4 exf4 37. Qd5+ Qxd5 38. Rxd5 Re1+ 39. Kh2 Rc1 40. Rc5 Rc2
41. f3 Kf7 42. c4 Ke7 43. b5 Kd6 44. Rc6+ Ke5 45. b6 Kd4 46. c5 Kd5 47. Rc7 g5
48. b7 Rb2 49. c6 Kd6 50. Rc8 h5 51. b8=Q+ Rxb8 52. Rxb8 Kxc6 53. Rg8 g4 54. hxg4
hxg4 55. Rxg4 Kd5 56. Rxf4 Ke5 57. Kg3 Ke6 58. Kg4 Ke7 59. Kf5 Kf7 60. Re4 Kf8
61. Kg6 Kg8 62. Re8# 1-0

[Event "WYCC Girls 10"]
[Site "Porto Carras"]
[Date "2015.10.25"]
[Round "1.8"]
[White "Marcellier, Lucie"]
[Black "Song, Yuxin"]
[Result "0-1"]
[WhiteElo "1277"]
[BlackElo "1700"]
[PlyCount "54"]
[EventDate "2015.??.??"]

1. e4 c5 2. c3 d5 3. exd5 Qxd5 4. d4 g6 5. Nf3 Bg7 6. Na3 a6 7. Bc4 Qf5 8. O-O
Nf6 9. Re1 cxd4 10. Nxd4 Qd7 11. Be3 O-O 12. Qd2 b5 13. Bb3 Bb7 14. Bh6 e5 15.
Bxg7 Kxg7 16. Rxe5 Nc6 17. Ree1 Rad8 18. Rad1 Nxd4 19. Qxd4 Qc6 20. Bd5 Rxd5
21. Qe3 Rxd1 22. f3 Re8 23. Qxe8 Qxe8 24. Rxd1 Qe2 25. Rf1 Ng4 26. h3 Ne3 27.
Rb1 Qxg2# 0-1

[Event "WYCC Girls 10"]
[Site "Porto Carras"]
[Date "2015.10.25"]
[Round "1.9"]
[White "Demeter, Dorina"]
[Black "Kecskemeti, Admira Aida"]
[Result "1-0"]
[BlackElo "1272"]
[WhiteElo "1684"]
[LiveChessVersion "1.4.6"]

1. d4 c6 2. c4 d6 3. Nc3 Nf6 4. e4 e5 5. d5 Nbd7 6. f3 Be7 7. Nge2 O-O 8. Be3 Qc7
9. g4 Nb6 10. Ng3 cxd5 11. cxd5 Nc4 12. Bf2 Nxb2 13. Qb3 Na4 14. Nxa4 b5 15. Qc3
Qxc3+ 16. Nxc3 b4 17. Nb5 a6 18. Nc7 Rb8 19. Nxa6 Rb7 20. Bg1 Bd8 21. Bd3 Nd7 22.
Ke2 Ba5 23. Nf5 Nc5 24. Nxc5 dxc5 25. Bxc5 Bxf5 26. Bxf8 Kxf8 27. gxf5 Rc7 28.
Rhc1 Rb7 29. Rc5 Bd8 30. d6 Ke8 31. Bb5+ Kf8 32. Rc8 g6 33. f6 Rxb5 34. Rxd8# 1-0

[Event "WYCC Girls 10"]
[Site "Porto Carras"]
[Date "2015.10.25"]
[Round "1.10"]
[White "Pavalachandran, Ashvini"]
[Black "Zvereva, Margarita"]
[Result "0-1"]
[BlackElo "1677"]
[WhiteElo "1252"]
[LiveChessVersion "1.4.6"]

1. d4 d5 2. c4 e6 3. Nc3 Nf6 4. Nf3 Be7 5. Bg5 O-O 6. e3 a6 7. Rc1 Nbd7 8. Bd3
dxc4 9. Bxc4 b5 10. Be2 Bb7 11. O-O Rc8 12. h3 c5 13. Nb1 Ne4 14. Bxe7 Qxe7 15.
Nbd2 Ndf6 16. Bd3 Nxd2 17. Nxd2 cxd4 18. Rxc8 Rxc8 19. exd4 Qd6 20. Nb3 Qd5 21.
f3 Qd6 22. Kh1 Nh5 23. Kg1 Nf4 24. Be4 Bd5 25. Nc5 Bc4 26. Rf2 Rxc5 27. Bxh7+
Kxh7 28. Qc2+ Rf5 29. Rd2 Bd3 30. Qd1 Qxd4+ 31. Kh2 Rd5 32. Qe1 Qe5 33. Qxe5 Rxe5
34. Kg3 Nh5+ 35. Kg4 Bg6 36. f4 Re4 37. g3 Re3 38. Rg2 Nf6+ 39. Kh4 Bb1 40. a3
Be4 41. Rg1 Rb3 42. Rd1 Rxb2 43. Rd6 Ra2 44. Rxa6 b4 45. Rb6 bxa3 46. Rb3 Ra1 47.
Re3 a2 48. Re2 Bd5 49. Rd2 Rh1 50. Rd3 a1=Q 51. Re3 Rxh3+ 52. Kxh3 Qh1# 0-1

[Event "WYCC Girls 10"]
[Site "Porto Carras"]
[Date "2015.10.25"]
[Round "1.11"]
[White "Kirchei, Viktoriia"]
[Black "Meiyappan, Annapoorni"]
[Result "0-1"]
[BlackElo "1246"]
[WhiteElo "1663"]
[LiveChessVersion "1.4.6"]

1. e4 Nc6 2. d4 d5 3. e5 Bf5 4. a3 e6 5. Nc3 f6 6. exf6 Nxf6 7. Bf4 Bd6 8. Bxd6
Qxd6 9. Nge2 O-O 10. Nb5 Qd7 11. Ng3 Bg6 12. Be2 Ne4 13. O-O a6 14. Nc3 Nxc3 15.
bxc3 Na5 16. Bg4 Rae8 17. Re1 Nc4 18. Qc1 Kh8 19. Re2 Bf5 20. Bh5 g6 21. Bf3 e5
22. Nxf5 gxf5 23. Qh6 e4 24. Bh5 Qe6 25. Qf4 Re7 26. Kh1 Qd6 27. Qxd6 Nxd6 28. f4
Re6 29. Ree1 Nb5 30. Rab1 Rc6 31. Be2 Nxa3 32. Rxb7 Nxc2 33. Reb1 Rxc3 34. Rc1
Rc6 35. Bxa6 Rxa6 0-1

[Event "WYCC Girls 10"]
[Site "Porto Carras"]
[Date "2015.10.25"]
[Round "1.12"]
[White "Mustafina, Yuliana"]
[Black "Allahverdiyeva, Ayan"]
[Result "0-1"]
[BlackElo "1657"]
[WhiteElo "1235"]
[LiveChessVersion "1.4.6"]

1. e4 e6 2. d4 d5 3. exd5 exd5 4. Bd3 Nc6 5. Be3 Nf6 6. h3 Bd6 7. Qf3 Qe7 8. c3
Bd7 9. Ne2 Nd8 10. Bf4 Bxf4 11. Qxf4 Ne6 12. Qe3 O-O 13. O-O Rfe8 14. Nd2 Bc6 15.
Nf3 Nd7 16. Nf4 Qd6 17. Nxe6 Rxe6 18. Qd2 f6 19. Rfe1 Rae8 20. Rxe6 Rxe6 21. Re1
Nf8 22. Re3 Bd7 23. Qe2 Qf4 24. Rxe6 Nxe6 25. Qe3 Qd6 26. Bf5 g6 27. Bxe6+ Qxe6
28. Qxe6+ Bxe6 29. Ne1 Bf5 30. Kf1 Kf7 31. Ke2 Ke7 32. Nd3 Be4 33. f3 Bxd3+ 34.
Kxd3 Ke6 35. g4 f5 36. Ke3 g5 37. f4 Kf6 38. Kf3 h6 39. b3 b5 40. Kg3 Kg6 41. h4
gxh4+ 42. Kxh4 fxg4 43. Kxg4 h5+ 44. Kh4 Kf5 45. Kxh5 Kxf4 46. Kg6 Ke3 47. Kf6
Kd3 48. Ke5 c6 49. Kd6 Kxc3 50. Kc5 b4 51. Kxc6 Kxd4 52. Kb5 Kc3 53. Ka4 d4 54.
a3 bxa3 55. Kxa3 d3 56. Ka4 d2 57. b4 d1=Q+ 0-1

[Event "WYCC Girls 10"]
[Site "Porto Carras"]
[Date "2015.10.26"]
[Round "2.1"]
[White "Bhagyashree, Patil"]
[Black "Can, Isil"]
[Result "0-1"]
[BlackElo "1795"]
[WhiteElo "1468"]
[LiveChessVersion "1.4.6"]

1. e4 {[%clk 1:30:57]} e5 {[%clk 1:30:56]} 2. Nf3 {[%clk 1:31:19]} Nc6
{[%clk 1:31:23]} 3. Bc4 {[%clk 1:31:44]} Bc5 {[%clk 1:31:48]} 4. c3
{[%clk 1:32:08]} Nf6 {[%clk 1:32:15]} 5. d3 {[%clk 1:32:32]} O-O {[%clk 1:32:39]}
6. O-O {[%clk 1:32:52]} d5 {[%clk 1:33:06]} 7. exd5 {[%clk 1:32:28]} Nxd5
{[%clk 1:33:31]} 8. h3 {[%clk 1:30:46]} Nb6 {[%clk 1:33:01]} 9. Bb3
{[%clk 1:31:02]} Bf5 {[%clk 1:32:16]} 10. Bc2 {[%clk 1:26:26]} Qd7
{[%clk 1:31:40]} 11. Qe2 {[%clk 1:25:20]} Rfe8 {[%clk 1:30:26]} 12. Nbd2
{[%clk 1:24:44]} Rad8 {[%clk 1:28:02]} 13. Ne4 {[%clk 1:24:14]} Bf8
{[%clk 1:26:04]} 14. Be3 {[%clk 1:23:52]} Nd5 {[%clk 1:24:50]} 15. Rad1
{[%clk 1:22:34]} h6 {[%clk 1:12:33]} 16. a3 {[%clk 1:15:58]} Qe6 {[%clk 1:10:13]}
17. Rfe1 {[%clk 1:06:43]} g5 {[%clk 0:56:52]} 18. Ng3 {[%clk 0:57:24]} Bg6
{[%clk 0:49:11]} 19. Bc1 {[%clk 0:50:48]} Qf6 20. Ne4 {[%clk 0:34:47]} Qg7
{[%clk 0:39:13]} 21. Qf1 {[%clk 0:24:10]} Bh5 {[%clk 0:32:09]} 22. g4
{[%clk 0:23:40]} Bg6 {[%clk 0:31:20]} 23. Ng3 Bc5 24. c4 {[%clk 0:20:36]} Nf4
{[%clk 0:25:39]} 25. b4 {[%clk 0:15:37]} Nd4 {[%clk 0:19:28]} 26. Nxd4
{[%clk 0:14:08]} Bxd4 {[%clk 0:19:42]} 27. Ne2 {[%clk 0:12:42]} Ne6
{[%clk 0:14:52]} 28. Qg2 {[%clk 0:08:55]} c6 {[%clk 0:12:56]} 29. Bb1
{[%clk 0:05:49]} Qf6 {[%clk 0:11:53]} 30. Nxd4 {[%clk 0:03:55]} Nxd4
{[%clk 0:12:02]} 31. Re3 {[%clk 0:04:06]} e4 {[%clk 0:06:34]} 32. Kh1
{[%clk 0:01:15]} Nb3 {[%clk 0:05:13]} 33. Qf1 {[%clk 0:00:40]} Nxc1
{[%clk 0:05:10]} 34. Rxc1 {[%clk 0:01:09]} exd3 {[%clk 0:02:47]} 35. Bxd3
{[%clk 0:01:09]} Bxd3 {[%clk 0:02:42]} 36. Rxd3 {[%clk 0:01:22]} Rxd3
{[%clk 0:02:54]} 37. Qxd3 {[%clk 0:01:47]} Qxf2 {[%clk 0:03:08]} 38. Rf1
{[%clk 0:01:55]} Qe3 {[%clk 0:03:06]} 39. Rf3 {[%clk 0:01:14]} Qe1+
{[%clk 0:02:58]} 40. Rf1 {[%clk 0:31:13]} Qe4+ {[%clk 0:33:19]} 41. Rf3
{[%clk 0:31:22]} Qe5 {[%clk 0:29:31]} 42. Kg2 {[%clk 0:30:11]} Qe1
{[%clk 0:25:50]} 43. Qf1 {[%clk 0:26:36]} Qd2+ {[%clk 0:22:41]} 44. Rf2
{[%clk 0:25:51]} Qd7 {[%clk 0:22:23]} 45. Rf6 {[%clk 0:23:02]} Re6
{[%clk 0:20:19]} 46. Rf3 {[%clk 0:22:39]} Qe7 {[%clk 0:20:18]} 47. Rf2
{[%clk 0:22:24]} Re3 {[%clk 0:20:12]} 48. a4 {[%clk 0:21:49]} Qe4+
{[%clk 0:19:45]} 49. Kh2 {[%clk 0:19:55]} Qe5+ {[%clk 0:19:59]} 50. Kg2
{[%clk 0:20:01]} Qg3+ {[%clk 0:20:06]} 51. Kh1 {[%clk 0:20:28]} Qxh3+
{[%clk 0:20:25]} 52. Qxh3 {[%clk 0:20:55]} Rxh3+ {[%clk 0:20:48]} 53. Kg2
{[%clk 0:21:19]} Rc3 {[%clk 0:20:30]} 54. c5 {[%clk 0:21:04]} Rc4
{[%clk 0:20:41]} 55. Rb2 {[%clk 0:21:20]} Rxg4+ {[%clk 0:20:55]} 56. Kh3
{[%clk 0:21:43]} Rc4 {[%clk 0:21:09]} 57. Kg3 {[%clk 0:22:06]} a5
{[%clk 0:21:18]} 58. bxa5 {[%clk 0:22:29]} Rxa4 {[%clk 0:21:28]} 59. Rxb7
{[%clk 0:22:56]} Rxa5 {[%clk 0:21:48]} 60. Kg4 {[%clk 0:23:15]} Rxc5
{[%clk 0:22:08]} 61. Rc7 {[%clk 0:23:32]} Kg7 {[%clk 0:22:16]} 62. Ra7
{[%clk 0:23:49]} Kg6 {[%clk 0:22:35]} 63. Ra8 {[%clk 0:24:15]} h5+
{[%clk 0:22:59]} 64. Kg3 {[%clk 0:24:42]} Rc3+ {[%clk 0:23:13]} 65. Kg2
{[%clk 0:25:08]} Kf5 {[%clk 0:23:24]} 66. Ra7 {[%clk 0:25:25]} f6
{[%clk 0:23:45]} 67. Ra4 {[%clk 0:25:52]} c5 {[%clk 0:23:34]} 68. Kh2
{[%clk 0:26:14]} c4 {[%clk 0:24:00]} 69. Ra2 {[%clk 0:26:37]} Kf4
{[%clk 0:24:21]} 70. Rf2+ {[%clk 0:27:01]} Rf3 {[%clk 0:24:37]} 71. Rc2
{[%clk 0:27:25]} c3 {[%clk 0:24:34]} 72. Kg2 {[%clk 0:27:43]} g4 {[%clk 0:24:46]}
73. Kh2 {[%clk 0:28:07]} h4 {[%clk 0:25:12]} 74. Kg2 {[%clk 0:28:34]} h3+
{[%clk 0:25:17]} 75. Kh2 {[%clk 0:28:59]} Kg5 76. Ra2 {[%clk 0:28:05]} f5
{[%clk 0:25:38]} 77. Rc2 {[%clk 0:28:31]} f4 {[%clk 0:25:33]} 78. Ra2
{[%clk 0:28:54]} Kh4 {[%clk 0:25:49]} 79. Rc2 {[%clk 0:29:14]} Rf2+
{[%clk 0:25:57]} 80. Rxf2 {[%clk 0:29:36]} g3+ {[%clk 0:26:18]} 81. Kh1
{[%clk 0:29:46]} gxf2 {[%clk 0:26:26]} 82. Kh2 {[%clk 0:30:11]} f1=N+
{[%clk 0:26:36]} 83. Kh1 {[%clk 0:30:36]} c2 {[%clk 0:26:37]} 84. Kg1
{[%clk 0:31:05]} c1=Q {[%clk 0:26:34]} 85. Kh1 {[%clk 0:31:32]} Kg3
{[%clk 0:26:45]} 86. Kg1 {[%clk 0:31:58]} Ne3# {[%clk 0:27:05]} 0-1

[Event "WYCC Girls 10"]
[Site "Porto Carras"]
[Date "2015.10.26"]
[Round "2.2"]
[White "Mironenko, Galina"]
[Black "Nguyen, Anh Nhu"]
[Result "1-0"]
[BlackElo "1462"]
[WhiteElo "1792"]
[LiveChessVersion "1.4.6"]

1. c4 e6 2. g3 Nf6 3. Bg2 d5 4. cxd5 exd5 5. Nf3 Be7 6. Nc3 O-O 7. d4 b6 8. O-O
Bb7 9. a4 c5 10. Bg5 Nc6 11. Rb1 Rc8 12. dxc5 bxc5 13. Bxf6 Bxf6 14. Nxd5 Bd4 15.
Nf4 Qe7 16. e3 Bf6 17. Nd5 Qe6 18. Nxf6+ Qxf6 19. Nd2 Ba6 20. Re1 Bd3 21. Ne4 Qd8
22. Rc1 c4 23. Qd2 Qe7 24. Nc3 Rfd8 25. Nd5 Qe5 26. e4 Rb8 27. Rc3 Na5 28. Rxd3
cxd3 29. Qxa5 Re8 30. Qd2 Qd4 31. Rd1 Rxb2 32. Qe3 Qxa4 33. Qxd3 h6 34. Rc1 Rb3
35. Qc2 Qa3 36. Qc7 Rbb8 37. e5 a5 38. h4 a4 39. Rc4 Qa1+ 40. Kh2 a3 41. Rf4 Rf8
42. Rxf7 Rxf7 43. Qxb8+ Rf8 44. Ne7+ Kf7 45. Bd5+ 1-0

[Event "WYCC Girls 10"]
[Site "Porto Carras"]
[Date "2015.10.26"]
[Round "2.3"]
[White "Nguyen, Ngan Ha"]
[Black "Divya, Deshmukh"]
[Result "0-1"]
[BlackElo "1772"]
[WhiteElo "1459"]
[LiveChessVersion "1.4.6"]

1. e4 d5 2. exd5 Nf6 3. d4 Bg4 4. Be2 Bxe2 5. Qxe2 Qxd5 6. Nf3 Nc6 7. Nc3 Qh5 8.
Bf4 O-O-O 9. Rd1 e6 10. O-O h6 11. Rfe1 g5 12. Bg3 Bg7 13. Ne5 Qxe2 14. Nxe2 Nxe5
15. Bxe5 Rhg8 16. Nc3 c6 17. h3 Nh5 18. Bxg7 Rxg7 19. Ne4 Rgg8 20. c4 Kc7 21. c5
Rd7 22. Kh2 Rgd8 23. Nd6 Ng7 24. Re3 Ne8 25. Nxe8+ Rxe8 26. Red3 Red8 27. Rf3 e5
28. Rf6 exd4 29. Rxh6 Rd5 30. b4 b6 31. cxb6+ axb6 32. Rf6 R8d7 33. Rf3 c5 34.
bxc5 bxc5 35. Rfd3 c4 36. Ra3 c3 37. Ra4 Rc5 38. Ra7+ Kc6 39. Rxd7 Kxd7 40. Rxd4+
Kc6 41. Rd1 c2 42. Rc1 Kb5 43. Kg3 Kb4 44. Kg4 Kc3 45. g3 Kd2 46. Rxc2+ Kxc2 47.
h4 gxh4 48. gxh4 Kd3 49. h5 Ke4 50. h6 Rc1 51. Kg5 Rg1+ 52. Kf6 Rg6+ 53. Kxf7
Rxh6 54. Ke7 Ra6 55. a4 Rxa4 56. Kd6 Kf3 57. Kd5 Kxf2 58. Ke5 Ke3 59. Kd5 Re4 60.
Kc5 Rd4 61. Kc6 Ke4 62. Kc5 Ke5 63. Kc6 Rd5 0-1

[Event "WYCC Girls 10"]
[Site "Porto Carras"]
[Date "2015.10.26"]
[Round "2.4"]
[White "Nguyen, Thien Ngan"]
[Black "Mungunzul, Bat-Erdene"]
[Result "1/2-1/2"]
[BlackElo "1731"]
[WhiteElo "1431"]
[LiveChessVersion "1.4.6"]

1. e4 e5 2. Nf3 Nc6 3. Bc4 Bc5 4. Nc3 Nf6 5. d3 h6 6. Na4 Be7 7. O-O d6 8. h3 a6
9. Nc3 O-O 10. Be3 Be6 11. Bb3 Bxb3 12. axb3 d5 13. exd5 Nxd5 14. Nxd5 Qxd5 15.
Re1 f5 16. Qc1 Bf6 17. Bd2 Rad8 18. Bc3 e4 19. Bxf6 Rxf6 20. dxe4 fxe4 21. Nh2 h5
22. Nf1 Qf5 23. Qe3 h4 24. Rad1 Rxd1 25. Rxd1 Nb4 26. Qe2 Nd5 27. Rd4 Nf4 28.
Qc4+ Ne6 29. Rd2 b5 30. Qd5 Qxd5 31. Rxd5 Nf4 32. Rd8+ Kh7 33. Ne3 Rc6 34. Kf1
Ne6 35. Rd5 Kg6 36. Rd2 Rd6 37. Ke1 Nf4 38. Rxd6+ cxd6 39. Kd2 Kf6 40. Kc3 Ke5
41. Ng4+ Kd5 42. Ne3+ Ke5 43. Ng4+ Ke6 44. Ne3 Ke5 45. Ng4+ Kd5 46. Ne3+ 1/2-1/2